000 00831nam a22002657a 4500
001 31450
003 UA-OsUOA
005 20220524155445.0
007 ta
008 20041221b un ||||| |||| 00| 0 ukr d
020 _a9854335402
040 _aUA-OsUOA
_brus
_cUA-OsUOA
_dUA-OsUOA
041 _arus
044 _aRU
080 _a94(100)
090 _a94(100)
_bВ84
245 _aВсемирная история. Крестовые походы. У истоков Ренессанса
_cред. И. А. Алябьева и др.
260 _aМосква
_bАСТ
_c1999
300 _a872 с.
_bил.
650 7 _2UDC
_a94 Історія загалом
700 1 _aАлябьева И. А.
_eред.
942 _cBK
_2udc
955 _a2
999 _c317875
_d317875